| 000 | 01406cam a22003011i 4500 | ||
|---|---|---|---|
| 003 | SA-RiAUC | ||
| 005 | 20250818065244.0 | ||
| 008 | 250731s1997 ua o g 00000bara c | ||
| 040 |
_aSA-RiAUC _bara _cSA-RiAUC _erda |
||
| 082 | 0 | 4 |
_a239 _qSA-RiAUC |
| 090 |
_a239 _bم غ ر |
||
| 100 | 1 |
_aمغربي، خالد مصطفى، _d1385 هجري- _eمؤلف. |
|
| 245 | 1 | 0 |
_aآثار رسول الله صلى الله عليه وسلم / _cبقلم خالد مصطفى ؛ راجعه أحمد مساعد، بدوي حسين عبد الظاهر ؛ خرج أحاديثه وقدم له محمد فؤاد شاكر. |
| 250 | _aالطبعة الثانية. | ||
| 264 | 1 |
_aالقاهرة : _bرديزاين للتجارة والطباعة، _c1997 |
|
| 300 |
_a193 صفحة : _bصور ؛ _c24 سم |
||
| 336 |
_aنص _btxt _2rdacontent _3كتاب |
||
| 337 |
_aبدون وسيط _bn _2rdamedia |
||
| 338 |
_aمجلد _bnc _2rdacarrier |
||
| 600 | 0 | 7 |
_aمحمد (صلى الله عليه وسلم)، _d53 قبل الهجرة-11 هجري _xمقتنيات _2aucnm |
| 650 | 7 |
_aالسيرة النبوية _2aucsh |
|
| 700 | 1 |
_aمساعد، أحمد _eمراجع. |
|
| 700 | 1 |
_aعبد الظاهر، بدوي حسين _eمراجع. |
|
| 700 | 1 |
_aشاكر، محمد فؤاد، _d1949-2011 _eمخرج أحاديث. |
|
| 942 |
_2ddc _cBOOK _n0 |
||
| 949 |
_aSA-JeALM _d250731 _umohamedma123 _n1 |
||
| 999 |
_c10929 _d10929 |
||